Исследование влияния вязкости жидкой фазы на адгезионное взаимодействие с дипресными материалами; Методы исследования в химии и химической технологии

التفاصيل البيبلوغرافية
Parent link:Методы исследования в химии и химической технологии.— 1986.— С. 53-58
المؤلف الرئيسي: Гусев В. П.
مؤلفون آخرون: Васильева Т. Н.
الملخص:Деп. в ОНИИТЭХИМ, г. Черкассы, 18.07.86, № 897-ХП-86.
اللغة:الروسية
منشور في: 1986
الموضوعات:
التنسيق: MixedMaterials فصل الكتاب
KOHA link:https://koha.lib.tpu.ru/cgi-bin/koha/opac-detail.pl?biblionumber=594214

MARC

LEADER 00000naa0a2200000 4500
001 594214
005 20250203145424.0
035 |a (RuTPU)RU\TPU\tpu\8627 
035 |a RU\TPU\tpu\8625 
090 |a 594214 
100 |a 20020520d1986 k y0rusy50 ca 
101 0 |a rus 
102 |a RU 
200 1 |a Исследование влияния вязкости жидкой фазы на адгезионное взаимодействие с дипресными материалами  |f В. П. Гусев, Т. Н. Васильева 
300 |a Деп. в ОНИИТЭХИМ, г. Черкассы, 18.07.86, № 897-ХП-86. 
463 |t Методы исследования в химии и химической технологии  |o материлы научно-практической конференции (Томск, 20-22 мая 1986)  |o секция "Процессы, машины и аппараты химических производств"  |v С. 53-58  |d 1986 
610 1 |a труды учёных ТПУ 
700 1 |a Гусев  |b В. П.  |c кандидат технических наук  |c ХТФ  |f 1946-  |3 (RuTPU)RU\TPU\pers\3598 
701 1 |a Васильева  |b Т. Н.  |c ХТФ  |3 (RuTPU)RU\TPU\pers\3649 
801 2 |a RU  |b 63413507  |c 20100128  |g PSBO 
942 |c BK